Schaum's outline of theory and problems of discrete mathematics - (E-Book) (Record no. 218037)
[ view plain ]
| 000 -LEADER | |
|---|---|
| fixed length control field | 01584 a2200301 4500 |
| 003 - CONTROL NUMBER IDENTIFIER | |
| control field | Nust |
| 005 - DATE AND TIME OF LATEST TRANSACTION | |
| control field | 20170207171638.0 |
| 020 ## - INTERNATIONAL STANDARD BOOK NUMBER | |
| International Standard Book Number | 0-07-147038-7 |
| 020 ## - INTERNATIONAL STANDARD BOOK NUMBER | |
| International Standard Book Number | 978-0-07-147038-4 |
| 035 ## - SYSTEM CONTROL NUMBER | |
| System control number | (OCoLC)162952647 |
| 035 ## - SYSTEM CONTROL NUMBER | |
| System control number | (OCoLC)ocn162952647 |
| 040 ## - CATALOGING SOURCE | |
| Transcribing agency | Nust |
| 082 04 - DEWEY DECIMAL CLASSIFICATION NUMBER | |
| Classification number | 512.02,LIP |
| 100 1# - MAIN ENTRY--PERSONAL NAME | |
| Personal name | Lipschutz, Seymour. |
| 245 10 - TITLE STATEMENT | |
| Title | Schaum's outline of theory and problems of discrete mathematics - (E-Book) |
| Statement of responsibility, etc. | Seymour Lipschutz, Marc Lars Lipson. |
| 246 30 - VARYING FORM OF TITLE | |
| Title proper/short title | Discrete mathematics |
| 246 30 - VARYING FORM OF TITLE | |
| Title proper/short title | Theory and problems of discrete mathematics |
| 250 ## - EDITION STATEMENT | |
| Edition statement | 3rd ed. |
| 260 ## - PUBLICATION, DISTRIBUTION, ETC. | |
| Place of publication, distribution, etc. | New York : |
| Name of publisher, distributor, etc. | McGraw-Hill, |
| Date of publication, distribution, etc. | c2007. |
| 300 ## - PHYSICAL DESCRIPTION | |
| Extent | xi, 474 p. : |
| Other physical details | ill. ; |
| Dimensions | 28 cm. |
| 440 #0 - SERIES STATEMENT/ADDED ENTRY--TITLE | |
| Title | Schaum's outline series |
| 505 ## - FORMATTED CONTENTS NOTE | |
| Formatted contents note | CHAPTER 1 Set Theory (Page-1) CHAPTER 2 Relations (Page-23) CHAPTER 3 Functions and Algorithms (Page-43) CHAPTER 4 Logic and Propositional Calculus (Page-70) CHAPTER 5 Techniques of Counting (Page-88) CHAPTER 6 Advanced Counting Techniques, Recursion (Page-107) CHAPTER 7 Probability (Page-123) CHAPTER 8 Graph Theory (Page-154) CHAPTER 9 Directed Graphs (Page-201) CHAPTER 10 Binary Trees(Page- 235) CHAPTER 11 Properties of the Integers (Page-264) CHAPTER 12 Languages, Automata, Grammars(Page- 303) CHAPTER 13 Finite State Machines and Turing Machines (Page-323) CHAPTER 14 Ordered Sets and Lattices (Page-337) CHAPTER 15 Boolean Algebra (Page-368) APPENDIX A Vectors and Matrices (Page-409) |
| 650 #0 - SUBJECT ADDED ENTRY--TOPICAL TERM | |
| Topical term or geographic name entry element | Algebra, Abstract |
| 650 #0 - SUBJECT ADDED ENTRY--TOPICAL TERM | |
| Topical term or geographic name entry element | Combinatorial analysis |
| 650 #0 - SUBJECT ADDED ENTRY--TOPICAL TERM | |
| Topical term or geographic name entry element | Logic, Symbolic and mathematical |
| 651 ## - SUBJECT ADDED ENTRY--GEOGRAPHIC NAME | |
| Geographic name | E-Book |
| 700 1# - ADDED ENTRY--PERSONAL NAME | |
| Personal name | Lipson, Marc. |
| 942 ## - ADDED ENTRY ELEMENTS (KOHA) | |
| Source of classification or shelving scheme | |
| Koha item type | Book |
| Withdrawn status | Lost status | Source of classification or shelving scheme | Damaged status | Not for loan | Collection code | Permanent Location | Current Location | Date acquired | Total Checkouts | Full call number | Barcode | Date last seen | Price effective from | Koha item type |
|---|---|---|---|---|---|---|---|---|---|---|---|---|---|---|
| Military College of Signals (MCS) | Military College of Signals (MCS) | 12/12/2016 | 512.02 LIP | MCSEB-1792 | 12/08/2016 | 12/12/2016 | Book |
